| 000 | 01276cam a2200265 4500 | ||
|---|---|---|---|
| 001 | L113793 | ||
| 008 | 010726n2001 000 0 eng u | ||
| 020 | _a1899769196 | ||
| 035 | _a(Sirsi) u113793 | ||
| 041 | 0 | _aeng | |
| 050 | 0 | 4 | _a368.5 $2 18 |
| 100 | 1 | _aLand, Howard | |
| 245 | 0 | 0 |
_aProfessional indemnity insurance _bit's rough out there, be sure to cover up _ba CPD study pack |
| 260 |
_aOxford _bCollege of Estate Management _c2001 |
||
| 300 |
_a40p. _c30cm. _e+ 1 audio cassette (ca. 60 min.) |
||
| 350 | _a39.50 | ||
| 490 | 0 | _aCollege of Estate Management CPD Study Pack | |
| 520 | _aWhat is a professional indemnity insurance? Who is it designed to protect? Does it affect all chartered surveyors? Does it cover all practice perils? These questions and many others are answered in this CPD study pack. | ||
| 520 | _aAccompanied by Owlion Audio Programme "Professional indemnity assurance for chartered surveyors" which is also available to borrow separately (J113229). Includes addendum from December 2002. | ||
| 520 | _aAccompanying Owlion Audio withdrawn October 2006. | ||
| 651 | 4 |
_aUnited Kingdom _y |
|
| 690 | _aMANAGEMENT-BUSINESS MANAGEMENT-INSURANCE-PROFESSIONAL INDEMNITY INSURANCE | ||
| 710 | 2 |
_aCollege of Estate Management _9400 |
|
| 942 | _n0 | ||
| 999 |
_c85417 _d85417 |
||